Proceedings of the Western Joint Computer Conference : Papers presented at the Joint IRE-AIEE-ACM Computer Conference, Los Angeles, Calif., February 26-28, 1957. Sponsors: The Institute of Radio Engineers, Professional Group on Electronic Computers; The American Institute of Electrical Engineers, Committee on Computing Devices; The Association for Computing Machinery.
Guardado en:
| Autores Corporativos: | , , |
|---|---|
| Formato: | Libro |
| Idioma: | English |
| Publicado: |
New York :
The Institute of Radio Engineers,
c1957.
|
| Etiquetas: |
Agregar Etiqueta
Sin Etiquetas, Sea el primero en etiquetar este registro!
|
| LEADER | 00950nam a22001575a 4500 | ||
|---|---|---|---|
| 001 | MAT.inmabb000924 | ||
| 008 | 031119s1957####nyu###########001#0#eng#d | ||
| 005 | 20180612151621.0 | ||
| 245 | 1 | 0 | |a Proceedings of the Western Joint Computer Conference : |b Papers presented at the Joint IRE-AIEE-ACM Computer Conference, Los Angeles, Calif., February 26-28, 1957. Sponsors: The Institute of Radio Engineers, Professional Group on Electronic Computers; The American Institute of Electrical Engineers, Committee on Computing Devices; The Association for Computing Machinery. |
| 260 | |a New York : |b The Institute of Radio Engineers, |c c1957. | ||
| 300 | |a 240 p. ; |c 28 cm. | ||
| 710 | 2 | |a Institute of Radio Engineers. |b Professional Group on Electronic Computers. | |
| 710 | 2 | |a American Institute of Electrical Engineers. |b Committee on Computing Devices. | |
| 710 | 2 | |a Association for Computing Machinery. | |
| 084 | |a 68-XX |2 msc2000 | ||
| 859 | |h 68 |i P963-1957 |p A-778 |b BIB. MATEMATICA | ||
